Score 0/12 Timer 01:00
2 Plays Today
% Correct
Blake
95.8%
Franco
91.5%
Miller
90.1%
Green
90.1%
Reyes
90.1%
Vie
87.3%
Lightbourne
85.9%
Griffin
84.5%
Cooper
84.5%
Monroe
83.1%
Sinclair
81.7%
Shaw
77.5%
Remove Ads.
Support Sporcle.
Get the best of Sporcle when you Go Orange. This ad-free experience offers more features, more stats, and more fun while also helping to support Sporcle. Thank you for becoming a member.

You're not logged in!

Compare scores with friends on all Sporcle quizzes.
OR
Log In

Sporcle TV

Today on Sporcle TV


Watch our educational content, quiz creation guides, and fun videos on Sporcle TV.

Show Comments

Extras

Top Quizzes Today


Score Distribution

Paid Content

Your Account Isn't Verified!

In order to create a playlist on Sporcle, you need to verify the email address you used during registration. Go to your Sporcle Settings to finish the process.

Report this User

Report this user for behavior that violates our Community Guidelines.

Details: